000 02177nam a2200229Ia 4500
003 Ost
005 20260507075110.0
008 260507s9999||||xx |||||||||||||| ||und||
020 _a808147435
040 _cfsecg
041 _aara
082 _a330
100 _aماكينون، رونالد
_eمؤلف
245 0 _aالنهج الأمثل لتحرير الاقتصاد :
_bإحكام السيطرة المالية عند التحول الىاقتصاديات السوق /
_c رونالد ماكينون
260 _aالقاهرة:
_bالجمعية المصرية لنشر المعرفة والثقافة العالمية,
_c1996
300 _a312 صفحة؛
_bإيضاحات ؛
_c25 سم
504 _aمراجع ص.303
520 _aائقة المالية و امتاجية رأس المال و نتاول أسعار فائدة مرتفعة و حقيقية و أدوات الضئقة المالية و كذا عبء التضخم و الرقابة على النقد و الرقابة على الاقتصاد الشامل أثناء إزالة التضخم و عدم إستقرار الاقتصاد الشامل و المخاطر الأخلاقية في العمل المصرفي و تناول الحمائية في التجارة الخارجية و سياسة سعر الصرف و السوق الدولية لرأس المال و التحرر الاقتصادي كما تم التطرق الى السيطرة على الاوضاع المالية إبان فترة التحول من الاقتصاد المخطط مركزيا الى إقتصاد السوق و كذلك التجارة الخارجية و الحماية و القيمة المضافة السلبية في اقتصاد اشتراكي على طريق التحرر ، و النمو الماليو استقرار الاقتصاد الشامل في الصين 1978-1992 و إمكان تطبيق ذلك في روسيا و أوروبا الشرقية و أخيرا التحرير التدريجي مقارنة بنظيرهالمتعجل في التجارة الخارجية الاشتراكية .
653 _aالاقتصاد
700 _aصليب، بطرس
_eمؤلف ثانوي
942 _cكتاب
999 _c42890
_d42890